|
|
|
|
| LEADER |
00000nab a2200000 ar4500 |
| 001 |
vtls008412585 |
| 003 |
SK-MaSNL |
| 005 |
20260303070206.0 |
| 008 |
160314c2005 xo mr|p|||||||000 b|slo |
| 015 |
|
|
|a SNBRB2005/11
|2 snkbucl
|
| 038 |
|
|
|a SNKBUCL
|
| 040 |
|
|
|a SNKBUCL
|b slo
|c SNKBUCL
|e AACR2
|
| 041 |
0 |
|
|a slo
|
| 044 |
|
|
|a xo
|c SK
|
| 080 |
|
|
|a 82.09:821.162.4-32
|x (048)
|2 UDC-MRF-SK2
|
| 080 |
|
|
|a 821.162.4-32
|x (048)
|2 UDC-MRF-SK2
|
| 100 |
1 |
|
|a Treščáková, Edita
|4 aut
|9 1033652
|
| 245 |
1 |
0 |
|a Na noži
|c Edita Treščáková
|
| 650 |
0 |
7 |
|a spoločenské prózy, slovenské
|x recenzie
|2 snkbucl
|9 856701
|
| 773 |
0 |
|
|t Knižná revue
|g Roč. XV, č. 18 (2005), s. 5
|x 1210-1982
|
| 787 |
0 |
8 |
|i Rec.:
|a Kubica, Peter, 1976-
|t Supermarket sv. Hildy
|d Bratislava : Vydavateľstvo Spolku slovenských spisovateľov, 2004
|z 8080611858
|
| 852 |
|
|
|a SNK
|b KIS3GCP
|
| 958 |
|
|
|a RC
|
| 958 |
|
|
|a LX
|
| 999 |
|
|
|c 1754324
|d 1756254
|